000 00652nam a2200217Ia 4500
005 20220719151103.0
008 131103s9999 xx 000 0 und d
020 _aSBN 471 88790 0
040 _aLoreto College
041 _aEnglish
082 _a304.6
_bTRE
100 _aTrewartha, Glenn T.
245 2 _aA Geography of population
_b world patterns
_cGlenn T.Trewartha
260 _aNewYork
_bJohn Wiley
_c1969
300 _a186p.
_b ill.figures , maps
504 _aIncludes bibliographical references and indexF
650 _apopulation -
651 _aFactors affecting social behaviour - Population -
850 _aLCLIB
942 _cBK
999 _c1545
_d52024